000 01638nam0a2200361 4500
001 RU\NLR\bibl\1658384
005 20250616040147.0
010 _a978-5-91362-304-1
_97000
021 _aRU
_b2010-47950
_93185
035 _a(nilc)RSL-KNO-004699250
035 _a(NLR Aleph) 001649682
090 _a913795
_c913795
100 _a20100628d2010 |||y0rusy50 ca
101 0 _arus
102 _aRU
105 _ay zzzz|||||
200 1 _aСвятая великомученица Ирина
210 _aМосква
_cСибирская Благозвонница
_d2010
215 _a220, [3] с., [1] л. цв. ил.
_d17
300 _aЗагл. обл.: Святая Ирина
512 1 _aСвятая Ирина
600 0 _aИрина Македонская
_cсвятая
_f1 в.
_92408748
_3RU\NLR\auth\661435335
610 0 _aРелигия -- Христианство -- Православие -- Религиозный культ -- Культ пророков и святых -- Ирина (I в.) - святая
610 0 _aРелигия -- Христианство -- Раннее христианство -- Религиозный культ -- Возникновение культа мучеников и святых -- Жития святых -- Ирина (I в.) - святая
686 _aЭ372-574.8Ирина,0
_2rubbk
686 _aЭ371-574.8Ирина Македонская,0
_2rubbk
686 _aЭ372.24-574.8
801 0 _aRU
_bРГБ
_c20100628
_grcr
801 1 _aRU
_bРГБ
_c20100628
801 2 _aRU
_bNLR
_c20100726
_grcr
942 _cBOOK
980 _aNB